000 00727nam a2200217 a 4500
999 _c5987
_d5987
001 5983
003 BD-JhCC
005 20171231170410.0
008 171231s1370 bg |||| ||a| 000 0 ben d
035 _a(BD-JhCC)5983
040 _aBD-JhCC
_dBD-JhCC
041 _aben
082 _a050
_bAHS 1370
245 _aবাঙলা একাডেমী পত্রিকা : বসন্ত সংখ্যা মাঘ-চৈত্র 1370 /
_cসৈয়দ আলী আহসান (সম্পদিত)
260 _aঢাকা :
_bবাঙলা একাডেমী,
_c1370.
300 _a p. :
_c24 cm.
650 _aBangladesh
_xPreiodicals
650 _aMagazine
_xJournal
942 _2ddc
_cBK